Analog and Pulse Circuits / (Record no. 198383)

MARC details
000 -LEADER
fixed length control field 00665nam a22002057a 4500
005 - DATE AND TIME OF LATEST TRANSACTION
control field 20230920122020.0
010 ## - LCCN (DPL NO)
LC control number ENG-138164
020 ## - INTERNATIONAL STANDARD BOOK NUMBER
International Standard Book Number 9789380831589
Terms of availability 640.00
035 ## - SYSTEM CONTROL NUMBER
System control number EN-121696
037 ## - SOURCE OF ACQUISITION
Source of stock number/acquisition DBAD/PUB
082 ## - DEWEY DECIMAL CLASSIFICATION NUMBER
Classification number 621.381
100 ## - MAIN ENTRY--PERSONAL NAME
Personal name Kishore, S.
245 ## - TITLE STATEMENT
Title Analog and Pulse Circuits /
Statement of responsibility, etc By S. Kishore; G. Amarnath and S. K. Hima Bindhu
260 ## - PUBLICATION, DISTRIBUTION, ETC. (IMPRINT)
Place of publication, distribution, etc Hyderabad
Name of publisher, distributor, etc M/s Sun Techno Publications
Date of publication, distribution, etc 2022
270 ## - ADDRESS
Address 326/C, Level-5, Near BK Guda Park, S R Nagar
City Hyderabad
Postal code 500038
300 ## - PHYSICAL DESCRIPTION
Extent 362
Dimensions 25cm(pbk)
700 ## - ADDED ENTRY--PERSONAL NAME
Personal name Amarnath, G.
9 (RLIN) 56902
700 ## - ADDED ENTRY--PERSONAL NAME
Personal name Bindhu, S. K. Hima
9 (RLIN) 56977
942 ## - ADDED ENTRY ELEMENTS (KOHA)
Source of classification or shelving scheme Dewey Decimal Classification
Item type English Books
Classification part 621.381
Call number suffix KIS
Holdings
Withdrawn status Lost status Not for loan Collection code Home library Current library Date acquired Source of acquisition Cost, normal purchase price Full call number Barcode Copy number Cost, replacement price Koha item type
      Non-fiction D.B.Act.Division Mobile Library 19/09/2023 DBAD/PUB 640.00 621.381 KIS EN-121696 1 640.00 English Books

© Delhi Public Library
Hit Counter
free hit counter